|
|
|
|
| LEADER |
00000nam0a2200000 4500 |
| 001 |
128505 |
| 005 |
20231031132811.0 |
| 035 |
|
|
|a (RuTPU)RU\TPU\book\139012
|
| 090 |
|
|
|a 128505
|
| 100 |
|
|
|a 20071228d1973 k y0rusy50 ca
|
| 101 |
0 |
|
|a rus
|
| 102 |
|
|
|a RU
|
| 105 |
|
|
|a y z 100zy
|
| 200 |
1 |
|
|a Тезисы докладов Седьмого совещания по подземным водам Сибири и Дальнего Востока
|f Министерство геологии РСФСР ; Новосибирское геологическое управление ; под ред. Е. В. Пиннекера
|
| 210 |
|
|
|a Иркутск
|d 1973
|a Новосибирск
|
| 215 |
|
|
|a 177 с.
|
| 610 |
1 |
|
|a гидрогеология
|
| 610 |
1 |
|
|a воды подземные
|
| 610 |
1 |
|
|a Сибирь
|
| 610 |
1 |
|
|a совещания
|
| 610 |
1 |
|
|a доклады
|
| 610 |
1 |
|
|a СССР
|
| 610 |
1 |
|
|a Дальний Восток
|
| 675 |
|
|
|a 551.494(063)
|v 3
|
| 702 |
|
1 |
|a Пиннекер
|b Е. В.
|4 340
|
| 712 |
0 |
2 |
|a Министерство геологии РСФСР
|
| 712 |
0 |
2 |
|a Тезисы докладов Седьмого совещания по подземным водам Сибири и Дальнего Востока
|
| 712 |
0 |
2 |
|a Новосибирское геологическое управление
|
| 801 |
|
1 |
|a RU
|b 63413507
|c 20071228
|g PSBO
|
| 801 |
|
2 |
|a RU
|b 63413507
|c 20090202
|g PSBO
|
| 942 |
|
|
|c BK
|